000 00181nam a2200085 4500
001 1239691
005 20251008101920.0
245 _aKÜÇÜK AĞA
_cTARIK BUĞRA
260 _bİLETİŞİM
999 _c1239691
_d1239691